000 00957nam a2200277 a 4500
001 BRCA_5279
005 20190320205020.0
008 011210c1963----enka######---#000-0#eng-#
041 _aeng
044 _aenk
050 4 _aNB180
_b.G68 1963
245 1 0 _aGothic Sculpture
_cwith an introduction by Hans Weigert ; edited by Harald Busch and Bernd Lohse ; with commentaries on the illustrations by Hans Weigert ; translated by Peter Gorge.
260 _aLondres
_bB. T. Batsford
_c1963
300 _axxiii, 200 p.
_bil.
_c27 cm.
440 0 _aEuropean Sculpture
_913525
500 _aIncluye índice de lugares
500 _aDonación Dr. Héctor Rivero Borrell Vázquez
650 1 4 _aEscultura gótica
_92039
700 1 _aWeigert, Hans
_910295
700 1 _aBusch, Harald
_eEditor
_913526
700 1 _aLohse, Bernd
_eEditor
_913527
700 1 _aWeigert, Hans
_910295
700 1 _aGorge, Peter
_eTraductor
_913528
902 _aDHR
942 _2lcc
_cB
999 _c4973
_d4973